| 000 | 01142nmm a2200325 a 4500 | ||
|---|---|---|---|
| 001 | ocm0001411685 | ||
| 003 | TR-IsHL | ||
| 005 | 20201028164520.0 | ||
| 008 | 160220s2015 tu tur | ||
| 007 | cr cn | ||
| 020 | _a9789752699427 | ||
| 035 |
_a1411685 _b(N$T) |
||
| 050 | 0 | 4 |
_aBP135.A128 _bU87 2015 |
| 090 | 0 | 4 |
_aBP135.A128 _bU87 2015 |
| 100 | 1 | _aUşşak, Cemal | |
| 245 | 1 | 0 |
_aKütüb-i Sitte'den seçme hadisler _h[electronic resource] / _cCemal Uşşak |
| 260 |
_aİstanbul : _bNesil Yayınları, _c2015 |
||
| 300 | _a785 p. | ||
| 650 | 4 | _aFelsefe, Psikoloji ve Din | |
| 650 | 4 | _aPhilosophy, Psychology and Religion | |
| 650 | 0 |
_aBuhârî, Muhammed ibn Ismâil, 810-870 _xHadis |
|
| 650 | 0 |
_aBuhârî, Muhammed ibn Ismâil, 810-870 _xHadith |
|
| 650 | 0 | _aBukhari, Muhammad ibn Isma'il, 810-870 | |
| 650 | 0 |
_aHadis _xMetinler |
|
| 650 | 0 |
_aHadith _xTexts |
|
| 650 | 0 |
_aKütüb-i Sitte _xHadis kitapları |
|
| 650 | 0 |
_aQutb-i Sitte _xHadith books |
|
| 650 | 7 |
_aRELIGION / Islam / Rituals & Practice _2bisacsh |
|
| 856 | 4 | 0 | _uhttp://search.ebscohost.com/login.aspx?direct=true&scope=site&db=e011xww&AN=1411685 |
| 999 |
_c15633 _d15633 |
||